000 00585cam a22001933a 4500
001 40009
003 PGUSA
005 20140828083906.0
008 120616s2012||||xxu|||||s|||||000 | eng d
040 _aPGUSA
_beng
042 _adc
245 1 0 _aEncyclopaedia Britannica, 11th Edition, Volume 14, Slice 5 :
_b"Indole" to "Insanity"
_h[electronic resource] /
_cVarious
260 _bProject Gutenberg,
_c2012
506 _aPublic domain in the USA.
516 _aElectronic text
830 0 _aProject Gutenberg
_v40009
856 4 0 _uhttp://www.gutenberg.org/ebooks/40009
942 _cEB
999 _c269262
_d269262